000 00886nam a2200193 a 4500
001 48136
005 20180714032333.0
008 140415d 000 0 eng d
020 _a0130224448
041 _aeng
082 _a332.632
_bHUL
100 1 _aHULL, JOHN C.
245 1 0 _aOPTIONS, FUTURES, AND OTHER DERIVATIVES
250 _a4ed.
260 _a[s.l.] :
_bPRENTICE-HALL, INC.,
_c[s.f.]
300 _a509
_c23.5 x 15.8 x 3
520 _aESTE LIBRO ES APORPIADO PARA ESTUDIANTES Y GRADUADOS ESPECIALIZADOS EN NEGOCIOS, ECONOMIA E INGENIERIA FINANCIERA. ES TAMBIEN MUY UTIL PARA PRACTICANTES QUE QUIEREN SABER COMO PUEDEN SER ANALIZADAS LAS DERIVADAS, SE HA TENIDO UN GRAN CUIDADO CON LAS MATEMATICAS Y ASUME QUE AL FINALIZAR EL LIBRO, PARECERA QUE EL LECTOR TOMO UN CURSO DE INTRODUCCION A LAS FINANZAS, PROBABILIDAD Y ESTADISITCA.
650 1 4 _aECONOMIA
999 _c48136
_d48136